Normal view
MARC view
Entry Término temático
001 - NÚMERO DE CONTROL
- campo de control: 166396
003 - IDENTIFICADOR DEL NÚMERO DE CONTROL
- campo de control: OSt
005 - FECHA Y HORA DE LA ÚLTIMA TRANSACCIÓN
- campo de control: 20220127160936.0
008 - DATOS DE LONGITUD FIJA
- campo de control de longitud fija: 220127|| aca||aabn | a|a d
040 ## - FUENTE DE LA CATALOGACIÓN
- Centro catalogador/agencia de origen: OSt
- Centro/agencia transcriptor: OSt
150 ## - ENCABEZAMIENTO--TÉRMINO DE MATERIA
- Término de materia o nombre geográfico como elemento de entrada: Frijol
- Subdivisión general: Enfermedades por hongos Frijol
- Subdivisión general: Rendimiento Fusarium solani Rhizoctonia solani Pudrición de la raíz
- Subdivisión general: Frijol
670 ## - FUENTE DE DATOS ENCONTRADOS
- Cita de la fuente: Work cat.: (OSt)201473: Sánchez Anguiano, José Horacio 107325, Etiología y daños de las pudriciones radicales del frijol (Phaseolus vulgaris L.) en el estado de Durango /
